00000000nem 2200000zi 4500
0019.955529
003CaOODSP
00520250919092706
006m     o  d f      
007aj cznzn
008250919t20252025onc    cc b  fo 1   fre d
0341 |aa|b6000000|dW1410000|eW0500000|fN0900000|gN0417500
040 |aCaOODSP|bfre|erda|cCaOODSP
043 |an-cn---
0861 |aM48-900A/2024F-PDF
1001 |aViner, D. |q(Darren)|ecartographe.
24510|aPrincipales régions minières, principales mines productrices et principaux champs de pétrole et de gaz du Canada = |bPrincipal mineral areas, producing mines, and oil and gas fields in Canada.
24611|aPrincipal mineral areas, producing mines, and oil and gas fields in Canada
250 |aSoixante-quatorzième édition, 2024.
255 |aÉchelle : 1:6,000,000 ; |bprojection conique conforme de Lambert |c(W 141°00'--W 50°00'/N 90°00'--N 41°75').
264 1|a[Ottawa] : |bRessources naturelles Canada = Natural Resources Canada, |c[2025]
264 4|c©2025
300 |a1 ressource en ligne (1 carte) : |bcouleur.
336 |aimage cartographique|bcri|2rdacontent/fre
336 |atexte|btxt|2rdacontent/fre
337 |ainformatique|bc|2rdamedia/fre
338 |aressource en ligne|bcr|2rdacarrier/fre
4901 |a[Carte série "A"] ; |v900A
500 |aPublié aussi en anglais sous le titre : Principal mineral areas, producing mines, and oil and gas fields in Canada = Principales régions minières, principales mines productrices et principaux champs de pétrole et de gaz du Canada.
500 |aComprend du texte, 2 index, 1 tableau, 3 cartes intercalaires, et 2 graphiques.
500 |a« Cartographie par D. Viner ... »
500 |a« Carte 900A de la Commission géologique du Canada. »
520 |a« Cette carte, publiée annuellement par Ressources naturelles Canada, contient des statistiques sur la production de minéraux du Canada et montre l'emplacement des principaux champs de gaz, mines de minéraux métalliques, non métalliques et industriels et mines de sablesbitumineux dans les provinces et territoires. Elle recense aussi les oléoducs et gazoducs existants et proposés. L'index répertoire les mines, leur type, leur emplacement, leur propriétaire et les principaux minéraux et métaux produits » -- Description, fourni par l'éditeur.
650 6|aRessources minérales|zCanada|vCartes.
650 6|aGisements pétrolifères|zCanada|vCartes.
650 6|aGisements de gaz|zCanada|vCartes.
650 6|aMines|xIndustrie|zCanada|vCartes.
655 7|aCartes géographiques numériques|2rvmgf
7101 |aCanada. |bRessources naturelles Canada, |eorganisme de publication.
7102 |aCommission géologique du Canada, |eorganisme de publication.
77508|tPrincipal mineral areas, producing mines, and oil and gas fields in Canada = |w(CaOODSP)9.955527
795 |tPrincipales régions minières, principales mines productrices et principaux champs de pétrole et de gaz du Canada = |bSoixante-treizième édition, 2023|w(CaOODSP)9.940631
830#0|aCommission géologique du Canada, carte série "A" ;|v900A.|w(CaOODSP)9.816596
85640|qPDF|s12.8 Mo|uhttps://publications.gc.ca/collections/collection_2025/rncan-nrcan/M48-900A-2024-fra.pdf
85640|qHTML|sS.O.|uhttps://doi.org/10.4095/pbh2fywv4q